00820nam a2200229Ia 4500008004100000020002100041245016300062260006800225300005700293500002000350504004100370650002500411650001600436700001900452700001900471700001900490700001900509710003500528003000100563005001700564040000900581  a0719557127(pbk.)00aMaking of the modern world :bmilestones of science and technology /cedited by Neil Cossons with Andrew Nahum and Peter Turvey ; photographs by Philip Sayer. aLondon :bJohn Murray in assoc. with the Science Museum,c1997. a224 p. :bill. (chiefly col.), ports., map ;c25 cm. aIncludes index. aIncludes bibliographical references. 0aInventionsxHistory. 0aTechnology.1 aCossons, Neil.1 aNahum, Andrew.1 aTurvey, Peter.1 aSayer, Philip.2 aScience Museum (Great Britain)20230123133139.0 cNUST